[Event "Elitserien Allsvenskan 2018-19"]
[Site "Sweden"]
[Date "2018.11.09"]
[Round "1"]
[White "Ahlander, Bjorn"]
[Black "Arman, Deniz"]
[Result "0-1"]
[WhiteElo "2409"]
[BlackElo "2356"]
[Annotator "TA"]
[PlyCount "116"]
[EventDate "2018.11.09"]
[EventType "team-tourn"]
[EventCountry "SWE"]
[SourceTitle "playchess.com"]
[Source "ChessBase"]
[SourceQuality "1"]

{[%evp 21,116,-24,-26,-61,-60,-61,-61,-60,-43,-62,-62,-55,-60,-71,-48,-62,-62,-93,-95,-93,-115,-144,-144,-157,-141,-137,-130,-148,-120,-154,-146,-154,-100,-184,-172,-191,-184,-173,-184,-175,-175,-176,-140,-203,-202,-202,-178,-216,-205,-206,-178,-175,-179,-180,-180,-180,-180,-180,-180,-180,-180,-172,-179,-177,-172,-375,-195,-524,-227,-208,-217,-223,-173,-208,-208,-208,-208,-208,-208,-285,-295,-287,-292,-288,-289,-285,-264,-249,-247,-435,-428,-486,-486,-778,-770,-2960,-5214]} 1. Nf3 Nf6 2. g3 d5 3. Bg2 c5 4. O-O Nc6 5. c4 d4 6. e3 e5 7. exd4 exd4 8. d3 Be7 9. Bg5 {A09: Réti Opening: 1 Nf3 d5 2 c4} (9. Bf4 O-O 10. Re1 Nh5 11. Bc1 Nf6 12. Na3 a6 13. Ne5 Nxe5 14. Rxe5 Bd6 15. Re1 Rb8 16. Nc2 h6 {½-½ (38) Fedoseev,V (2771)-Anand,V (2758) Riadh 2017}) 9... O-O 10. Re1 h6 11. Bxf6 Bxf6 {LiveBook: 11 Games} 12. Na3 Bf5 13. Nc2 Qd7 $146 ({Predecessor:} 13... a5 14. a3 a4 15. Rb1 Na5 16. Na1 Re8 17. Rxe8+ Qxe8 {½-½ (30) Madranges,J (1760)-Tomasi,S (1760) France 1993}) 14. a3 a5 15. Rb1 a4 16. b4 axb3 $1 17. Rxb3 Ra6 18. Qd2 b6 19. Reb1 Bd8 20. Re1 Qd6 21. Re2 g5 22. h3 Bc7 23. Nce1 Qg6 24. Nh2 Raa8 25. Qd1 Rfe8 26. Nf1 Kf8 (26... h5 $142 27. Nd2 Qh6) 27. Nd2 (27. g4 $17 Bd7 28. Ng3) 27... Rxe2 $19 28. Qxe2 Re8 29. Qf1 h5 30. Be4 Bxe4 31. dxe4 g4 32. hxg4 (32. h4 $17) 32... hxg4 33. Ng2 {[%cal Be1g2,Bg2h4,Bh4f5][%mdl 32]} Qh6 34. Qd1 {[#]} Ne5 $1 35. Nh4 Bd8 36. Nf5 Qh5 {...d3 is the strong threat.} 37. Qf1 Bg5 $36 {[%mdl 2048] Black has strong initiative.} 38. f4 gxf3 $1 39. Nxf3 Nxf3+ 40. Qxf3 Qxf3 41. Rxf3 {If White can now play Nd6 this consolidates a bit.} Rxe4 {[%mdl 4096] Endgame KRB-KRN} 42. Nd6 Re7 43. Rf5 $2 (43. Kf2 {might work better.}) 43... Bc1 (43... d3 $142 44. Rxg5 d2) 44. Rh5 $2 (44. Rd5 {is a better chance.}) 44... Kg8 (44... d3 $142 {White must now prevent ...Bb2.} 45. Nf5 Bb2) 45. Rd5 Bxa3 46. Kf2 Kh7 47. Nf5 Re6 48. Rd7 Kg6 49. Ne7+ Kg7 50. Nd5 Bc1 51. Nc7 Re3 52. Nd5 {[#]} Rb3 $1 53. Rd6 b5 54. cxb5 Rxb5 55. Ne7 $2 (55. Rc6) 55... Be3+ {Black is clearly winning.} 56. Kf3 c4 {Hoping for ...c3.} 57. Rc6 (57. Ke4 $142 c3 58. Rc6) 57... Re5 58. Nc8 d3 {Precision: White = 42%, Black = 69%.} 0-1

[Event "Elitserien Allsvenskan 2018-19"]
[Site "Sweden"]
[Date "2018.11.09"]
[Round "1"]
[White "Von Bahr, Oskar"]
[Black "Berovski, Krum"]
[Result "*"]
[WhiteElo "2409"]
[BlackElo "2321"]
[Annotator "RC"]
[PlyCount "20"]
[EventDate "2018.11.09"]
[EventType "team-tourn"]
[EventCountry "SWE"]
[SourceTitle "playchess.com"]
[Source "ChessBase"]
[SourceQuality "1"]
[TimeControl "40/5400+30:1800+30"]

1. d4 {[%emt 0:00:00]} e6 {[%emt 0:00:00]} 2. e4 {[%emt 0:00:09]} d5 {[%emt 0:00:00]} 3. Nc3 {[%emt 0:00:07]} Bb4 {[%emt 0:00:05]} 4. Nge2 {[%emt 0:00:15]} dxe4 {[%emt 0:00:22]} 5. a3 {[%emt 0:00:05]} Bxc3+ {[%emt 0:00:24]} 6. Nxc3 {[%emt 0:00:03]} Bd7 {[%emt 0:00:31]} 7. Qg4 {[%emt 0:11:21]} Nf6 {[%emt 0:01:56]} 8. Qxg7 {[%emt 0:10:23]} Rg8 {[%emt 1:30:42]} 9. Qh6 {[%emt 0:00:03]} Rg6 {[%emt 0:04:28]} 10. Qh4 {[%emt 0:01:21]} Bc6 {[%emt 0:03:23]} *

[Event "Elitserien Allsvenskan 2018-19"]
[Site "Sweden"]
[Date "2018.11.09"]
[Round "1"]
[White "Hedman, Erik"]
[Black "Schutz, Ingemar"]
[Result "*"]
[WhiteElo "2372"]
[BlackElo "2211"]
[Annotator "TA"]
[PlyCount "23"]
[EventDate "2018.11.09"]
[EventType "team-tourn"]
[EventCountry "SWE"]
[SourceTitle "playchess.com"]
[Source "ChessBase"]
[SourceQuality "1"]

{[%evp 19,23,0,8,4,9,0]} 1. Nf3 Nf6 2. g3 b5 3. Bg2 Bb7 4. O-O e6 5. d3 Be7 6. e4 c5 {A05: Réti Opening: 1 Nf3 Nf6} (6... O-O 7. Qe2 d6 8. Nbd2 c5 9. b3 Nc6 10. Bb2 Nd7 11. d4 cxd4 12. Nxd4 Nxd4 13. Bxd4 a5 14. Rfd1 Ba6 15. c4 bxc4 16. Nxc4 a4 {½-½ (33) Lopez Martinez,J (2589)-Vallejo Pons,F (2717) Linares 2017}) 7. a4 b4 8. Nbd2 O-O 9. Nc4 d5 10. exd5 Nxd5 {LiveBook: 3 Games} 11. Re1 Nc6 12. h4 $146 ({Predecessor:} 12. Be3 Nxe3 13. Rxe3 Qc7 14. Nfe5 Nd4 15. Bxb7 Qxb7 {0-1 (33) Vorobjov,P (2233)-Shishkov,A (2366) Tallinn 2018}) *

[Event "Elitserien Allsvenskan 2018-19"]
[Site "Sweden"]
[Date "2018.11.09"]
[Round "1"]
[White "Seo, Jung Min"]
[Black "Dragicevic, Drazen"]
[Result "0-1"]
[WhiteElo "2369"]
[BlackElo "2344"]
[Annotator "TA"]
[PlyCount "98"]
[EventDate "2018.11.09"]
[EventType "team-tourn"]
[EventCountry "SWE"]
[SourceTitle "playchess.com"]
[Source "ChessBase"]
[SourceQuality "1"]

{[%evp 20,98,0,0,0,0,0,-25,-20,-70,-46,-75,-83,-78,-60,-79,-61,-80,-62,-141,-54,-60,-31,-25,-31,-49,-45,-101,-116,-116,-36,-49,-20,-21,-24,-52,0,0,0,-8,0,-8,0,0,0,0,0,0,0,0,0,0,0,0,0,0,0,0,0,-194,-195,-193,-182,-186,-174,-199,-186,-220,-229,-240,-237,-552,-509,-1566,-1529,-1188,-799,-29966,-6544,-4906,-4878]} 1. e4 e6 2. d4 d5 3. Nc3 Nf6 4. Bg5 Bb4 5. e5 h6 6. Bd2 Bxc3 7. bxc3 Ne4 8. Qg4 g6 9. Bd3 Nxd2 10. Kxd2 c5 11. h4 c4 {C12: French: Classical System: McCutcheon Variation} (11... Qa5 12. Nf3 Nc6 13. Qf4 cxd4 14. h5 g5 15. Qf6 Rf8 16. Qxh6 g4 17. Ng5 Nxe5 18. Nh7 Rh8 19. Ke2 Nxd3 20. cxd3 Bd7 21. Nf6+ {½-½ (38) Anand,V (2800)-Shirov,A (2749) Bilbao 2010 CBM 139 [Edouard,R]}) 12. Be2 Nc6 13. h5 g5 {Black has an edge.} 14. Qf3 $146 ({Predecessor:} 14. Re1 Qa5 15. a4 Bd7 16. f4 Nxd4 17. fxg5 Nf5 18. Nf3 d4 19. Nxd4 Rd8 20. Nxf5 exf5 21. Qh3 Bxa4+ 22. Kc1 Bb3 23. Bd3 Rxd3 24. cxd3 Qxc3+ {0-1 (24) Padmini,R (2319)-Habla,J (2316) Olongapo City 2010}) 14... Bd7 15. Qe3 f5 16. exf6 Qxf6 17. Nf3 O-O 18. Raf1 Qg7 19. Nh2 (19. Ne5 $15) 19... Rf4 (19... e5 $17 {[%cal Re5d4]} 20. dxe5 Rae8) 20. Bf3 $1 $15 Raf8 21. g3 R4f7 22. Bg2 b5 23. a3 ({White should play} 23. Ng4 $15) 23... a5 $17 24. Ng4 {[#]} Kh7 (24... b4 $1 $17 25. axb4 axb4) 25. f3 $15 b4 (25... Re7 {feels hotter.} 26. Re1 e5 27. Nxe5 Nxe5 28. dxe5 Rfe8) 26. axb4 axb4 27. Ne5 $1 {[%cal Re5f7]} Nxe5 28. Qxe5 Qxe5 29. dxe5 Bc6 30. Rhg1 g4 {[%cal Rg4f3]} 31. f4 $1 bxc3+ 32. Kxc3 Rf5 33. Ra1 Rxh5 34. Ra6 Rc8 35. Ra7+ Kg6 36. Kd4 Be8 37. c3 Rh2 38. Ra2 {Black must now prevent Be4+!} Kg7 39. Rb1 $2 (39. Ra7+ $11 {and White is okay.} Kg6 40. Ra2) 39... Bg6 $19 40. Rb7+ {[#]} Kf8 $1 41. Rbb2 Bf5 42. Ke3 Rc7 43. Kd4 h5 44. Ke3 Kg7 45. Kf2 $2 {[#]} (45. Ra6 {is more resistant.}) 45... d4 $1 {[%mdl 512]} 46. cxd4 (46. Kg1 $142 dxc3 47. Rf2 Rxg2+ 48. Kxg2) 46... c3 47. Rc2 Be4 48. Kg1 Rxg2+ 49. Rxg2 Bxg2 {Precision: White = 49%, Black = 63%.} 0-1

[Event "Elitserien Allsvenskan 2018-19"]
[Site "Sweden"]
[Date "2018.11.09"]
[Round "1"]
[White "Akesson, Ralf"]
[Black "Shirov, Alexei"]
[Result "*"]
[WhiteElo "2366"]
[BlackElo "2639"]
[Annotator "TA"]
[PlyCount "18"]
[EventDate "2018.11.09"]
[EventType "team-tourn"]
[EventCountry "SWE"]
[SourceTitle "playchess.com"]
[Source "ChessBase"]
[SourceQuality "1"]

{[%evp 15,18,33,32,24,55]} 1. d4 Nf6 {[%cal Bg8f6,Bf6d5,Bd5b4,Bb4c6,Bc6d4][%mdl 32]} 2. c4 g6 3. g3 Bg7 4. Bg2 d5 5. cxd5 Nxd5 6. e4 Nb4 7. a3 N4c6 8. d5 Nd4 {LiveBook: 41 Games} 9. Be3 {D72: Fianchetto Grünfeld: 5 cxd5 Nxd5 6 e4 Nb6 (without Nf3)} (9. Ne2 Bg4 10. Nbc3 c5 11. h3 Bxe2 12. Nxe2 Qb6 13. Nxd4 Bxd4 14. Qa4+ Nd7 15. O-O Qa6 16. Qxa6 bxa6 {½-½ (45) Akopian,V (2681)-Polgar,J (2689) Warsaw 2013}) 9... e5 $146 ({Predecessor:} 9... c5 10. Nc3 O-O 11. Nge2 e5 12. O-O b6 13. b4 Ba6 14. Rb1 Nd7 15. b5 Bc8 16. Nc1 Nf6 {½-½ (83) Woellermann,J (2166)-Laubsch,B (2309) Verden 2013}) *

[Event "Elitserien Allsvenskan 2018-19"]
[Site "Sweden"]
[Date "2018.11.09"]
[Round "1"]
[White "Schneider, Stefan"]
[Black "Livner, Anders"]
[Result "*"]
[WhiteElo "2365"]
[BlackElo "2359"]
[Annotator "TA"]
[PlyCount "43"]
[EventDate "2018.11.09"]
[EventType "team-tourn"]
[EventCountry "SWE"]
[SourceTitle "playchess.com"]
[Source "ChessBase"]
[SourceQuality "1"]

{[%evp 35,38,38,35,18,27]} 1. e4 c6 2. d4 d5 3. Nc3 dxe4 4. Nxe4 Bf5 5. Ng3 Bg6 6. h4 h6 7. Nf3 Nd7 8. h5 Bh7 9. Bd3 Bxd3 10. Qxd3 e6 11. Bd2 Ngf6 12. O-O-O Be7 13. Kb1 O-O 14. Ne4 Nxe4 {B19: Caro-Kann (Hauptvariante)} 15. Qxe4 Nf6 16. Qe2 Qd5 17. Ne5 Qe4 18. Qxe4 Nxe4 {LiveBook: 95 Partien} 19. Be3 Rfd8 {[#]} {Vorgänger:} 20. g4 $146 c5 21. f3 cxd4 22. Bxd4 {½-½ (30) Lenic,L (2640)-Ragger,M (2700) Austria 2017} *

[Event "Elitserien Allsvenskan 2018-19"]
[Site "Sweden"]
[Date "2018.11.09"]
[Round "1"]
[White "Ingbrandt, Johan"]
[Black "Neiksans, Arturs"]
[Result "*"]
[WhiteElo "2364"]
[BlackElo "2553"]
[Annotator "TA"]
[PlyCount "22"]
[EventDate "2018.11.09"]
[EventType "team-tourn"]
[EventCountry "SWE"]
[SourceTitle "playchess.com"]
[Source "ChessBase"]
[SourceQuality "1"]

{[%evp 15,22,7,31,-17,-5,-10,-14,-23,0]} 1. d4 Nf6 2. Nf3 e6 3. g3 b5 4. Bg2 Bb7 5. O-O c5 6. a4 b4 7. c4 Na6 {A46: 1 d4 Nf6 2 Nf3 e6: Torre, London and Colle Systems} 8. Nbd2 Be7 {LiveBook: 3 Games} 9. Nb3 cxd4 $146 ({Predecessor:} 9... O-O 10. Bf4 cxd4 11. Nfxd4 Bxg2 12. Kxg2 Qb6 13. Rc1 Rac8 14. Qd3 Rfd8 15. a5 {0-1 (48) Drozdova,D (2209)-Bocharov,D (2594) Serpukhov 2018}) 10. Qxd4 O-O 11. Rd1 d6 *

[Event "Elitserien Allsvenskan 2018-19"]
[Site "Sweden"]
[Date "2018.11.09"]
[Round "1"]
[White "Wickstrom, Lucas"]
[Black "Heberla, Bartlomiej"]
[Result "1-0"]
[WhiteElo "2356"]
[BlackElo "2546"]
[Annotator "TA"]
[PlyCount "114"]
[EventDate "2018.11.09"]
[EventType "team-tourn"]
[EventCountry "SWE"]
[SourceTitle "playchess.com"]
[Source "ChessBase"]
[SourceQuality "1"]

{[%evp 22,114,0,0,7,0,14,-1,0,0,34,0,12,-2,21,18,13,18,31,16,20,-7,0,-14,8,0,0,0,36,51,162,47,68,13,35,0,0,0,21,0,0,0,0,0,0,0,0,0,0,0,0,0,0,0,20,9,22,21,122,122,383,392,458,474,451,448,457,453,2859,2731,2444,1923,29960,5414,29986,29987,29987,29978,29985,26,29991,29976,29987,29976,29976,29974,29976,0,29976,29974,29976,29977,29977,29978,29974]} 1. Nf3 d5 2. e3 Nf6 3. d4 e6 4. c4 c6 5. Nc3 a6 6. b3 Bb4 7. Bd2 Nbd7 8. Bd3 O-O 9. O-O {D45: Damengambit (Anti-Meraner Variante)} Bd6 (9... Qe7 10. Qe1 dxc4 11. bxc4 e5 12. Ng5 Rd8 13. a3 Bxa3 14. Qb1 h6 15. Nxf7 Kxf7 16. c5 Bxc5 {1-0 (56) Tomashevsky,E (2702)-Kobalia,M (2619) Satka 2018}) 10. e4 dxc4 11. bxc4 e5 12. d5 {LiveBook: 18 Partien} h6 13. Bc2 Nc5 14. h3 Bd7 $146 ({Vorgänger:} 14... Qe7 15. Be3 Bd7 16. Rb1 Rab8 {1-0 (32) Stojanovic,M (2547)-Moroni,L (2321) Zuerich 2014}) 15. Re1 Qe7 16. dxc6 bxc6 17. Na4 Nxa4 18. Bxa4 Nh7 19. Rb1 Rab8 20. Qc2 Bc5 21. Rxb8 Rxb8 22. Rb1 Qe8 23. Rb3 f6 24. Qb1 Rxb3 25. axb3 Qg6 (25... Ng5 $14 26. Nxg5 hxg5) 26. Kf1 ({Besser ist} 26. Qd3 $18 Nf8 27. b4) 26... Ng5 27. Nxg5 ({Günstiger ist} 27. Bxg5 $1 $14 hxg5 28. b4) 27... fxg5 $11 28. Qd3 Bd4 29. c5 Qf6 {[%csl Gd4][%cal Rf6f2] [#]} 30. Be3 a5 31. Ke2 h5 32. Kd2 g4 33. hxg4 hxg4 34. Kc2 Be8 35. Kb1 Bg6 36. Ka2 Kh7 37. Ka3 Kh8 38. b4 axb4+ 39. Kxb4 Qd8 (39... Bxe3 $11 {bleibt in der Remisbreite.} 40. Qxe3 Qe6) 40. Bxd4 $16 exd4 $4 {[%mdl 8192]} (40... Qb8+ $16 {kämpft weiter.} 41. Kc3 Qa8) 41. Bxc6 $18 Qf6 42. Bd5 Qxf2 43. c6 {[%cal Bc5c6,Bc6c7][%mdl 32] Und weiter mit c7 wäre nett.} Be8 44. Kc5 Qxg2 (44... Qf4 $142 45. Qxd4 Bg6) 45. c7 Bd7 46. e5 {[%cal Be4e5,Be5e6,Be6e7][%mdl 32]} Qb2 47. e6 Bc8 48. e7 {[%cal Re7e8]} Qc1+ 49. Kxd4 {[%cal Re7e8]} Qf4+ {[#]} 50. Qe4 $2 (50. Be4 $1 {setzt Matt} Qf2+ 51. Kc4 Ba6+ 52. Kb3 Qb6+ 53. Ka4 Bb5+ 54. Qxb5 Qd4+ 55. Kb3) 50... Qf2+ $2 {[%mdl 8192]} (50... Qd2+ $11 51. Kc4 Qc1+ 52. Kb3 Qd1+ 53. Ka3 Qc1+ 54. Kb4 Qd2+ 55. Kb3 Qd1+ 56. Ka3 Qa1+ 57. Kb3 Qd1+) 51. Kc3 Qc5+ 52. Kb3 {[%cal Re4h1]} Qb6+ 53. Ka3 {[%cal Re7e8]} Qa5+ 54. Kb3 {[%cal Re7e8]} Qb6+ 55. Ka2 {[%cal Re7e8] Weiß setzt Matt.} Qa5+ 56. Kb2 {[%cal Re7e8]} Qb6+ 57. Bb3 {[%cal Re7e8]} Qf2+ {Precision: Weiß = 46%, Schwarz = 38%.} 1-0

[Event "Elitserien Allsvenskan 2018-19"]
[Site "Sweden"]
[Date "2018.11.09"]
[Round "1"]
[White "Ong, Kezli"]
[Black "Lindgren, Philip"]
[Result "*"]
[WhiteElo "2330"]
[BlackElo "2374"]
[Annotator "TA"]
[PlyCount "32"]
[EventDate "2018.11.09"]
[EventType "team-tourn"]
[EventCountry "SWE"]
[SourceTitle "playchess.com"]
[Source "ChessBase"]
[SourceQuality "1"]

{[%evp 18,26,12,14,108,42,44,43,61,49,50]} 1. d4 d5 2. c4 c6 3. Nf3 Nf6 4. Nc3 e6 5. Bg5 h6 6. Bxf6 Qxf6 7. e3 Nd7 8. Bd3 g6 9. e4 {D43: Semi-Slav: 5 Bg5 h6} (9. O-O Bg7 10. Re1 O-O 11. e4 dxc4 12. Bxc4 Qe7 13. e5 b6 14. Qe2 Rd8 15. Rad1 Bb7 16. h4 a6 17. a3 a5 18. Ba2 Rac8 19. Bb1 c5 20. d5 exd5 21. Nxd5 Bxd5 22. Rxd5 {1-0 (52) Le,Q (2739)-Wang,Y (2699) Ashkhabad 2017}) 9... dxe4 10. Nxe4 {LiveBook: 5 Games} Bb4+ {[#]} (10... Qg7 $11 {keeps the balance.}) 11. Ke2 ({White should play} 11. Kf1 $1 $16 Qg7 12. c5) 11... Qd8 $14 {White is slightly better.} 12. c5 O-O 13. h4 Ba5 {[#]} {Predecessor:} 14. Ne5 $146 Nxe5 15. dxe5 Qd4 16. f4 f5 {½-½ (31) Ribli,Z (2595)-Farago,I (2500) Budapest 1977} *

[Event "Elitserien Allsvenskan 2018-19"]
[Site "Sweden"]
[Date "2018.11.09"]
[Round "1"]
[White "Moreau, Teodor"]
[Black "Eriksson, Anders"]
[Result "*"]
[WhiteElo "2322"]
[BlackElo "2239"]
[Annotator "TA"]
[PlyCount "28"]
[EventDate "2018.11.09"]
[EventType "team-tourn"]
[EventCountry "SWE"]
[SourceTitle "playchess.com"]
[Source "ChessBase"]
[SourceQuality "1"]

{[%evp 21,28,14,78,61,102,114,140,148,133]} 1. e4 c5 2. Nf3 e6 3. d3 Nc6 4. g3 g6 5. Bg2 Bg7 6. O-O Nge7 7. c3 e5 {A04: Unusual lines after 1 Nf3 and King's Indian Attack} 8. a3 a5 9. a4 O-O 10. Na3 d6 11. Be3 h6 {[#] LiveBook: 6 Games} (11... b6 $11 {remains equal.}) 12. Nd2 $1 $16 Kh7 $146 13. Ndc4 f5 14. f4 exf4 *

[Event "Elitserien Allsvenskan 2018-19"]
[Site "Sweden"]
[Date "2018.11.09"]
[Round "1"]
[White "Ernst, Thomas"]
[Black "Jepson, Christian"]
[Result "*"]
[WhiteElo "2321"]
[BlackElo "2402"]
[Annotator "TA"]
[PlyCount "36"]
[EventDate "2018.11.09"]
[EventType "team-tourn"]
[EventCountry "SWE"]
[SourceTitle "playchess.com"]
[Source "ChessBase"]
[SourceQuality "1"]

{[%evp 22,23,0,-6]} 1. d4 Nf6 2. c4 e6 3. Nc3 Bb4 4. e3 O-O 5. Nge2 d5 6. a3 Be7 7. cxd5 exd5 8. Nf4 c6 9. Bd3 Bd6 10. O-O Re8 11. Bc2 {E46: Nimzo-Indian: Rubinstein: 4 e3 0-0 5 Ne2 without early Bd3} (11. f3 Na6 12. Bc2 Bxf4 13. exf4 Nc7 14. f5 b6 15. Bf4 Bb7 16. Qd2 Re7 17. g4 Nfe8 18. Rf2 f6 {1-0 (30) Bocharov,D (2560)-Anand,V (2803) Berlin 2015}) 11... b6 12. f3 $1 {LiveBook: 4 Games} {Predecessor:} Bxf4 $146 13. exf4 c5 14. b4 cxb4 15. axb4 Nc6 16. Rb1 a5 17. bxa5 Nxa5 18. f5 Ba6 {½-½ (39) Sieciechowicz,M (2409)-Socko,B (2583) Poland 2017} *

[Event "Elitserien Allsvenskan 2018-19"]
[Site "Sweden"]
[Date "2018.11.09"]
[Round "1"]
[White "Vaarala, Eric"]
[Black "Wedberg, Tom"]
[Result "1/2-1/2"]
[WhiteElo "2320"]
[BlackElo "2439"]
[Annotator "TA"]
[PlyCount "22"]
[EventDate "2018.11.09"]
[EventType "team-tourn"]
[EventCountry "SWE"]
[SourceTitle "playchess.com"]
[Source "ChessBase"]
[SourceQuality "1"]

{[%evp 12,18,28,26,25,22,33,31,23]} 1. d4 d5 2. c4 c6 3. cxd5 cxd5 4. Bg5 Nf6 5. Bxf6 gxf6 6. Nc3 {D10: Slav Defence: 3 cxd5 (without early Nf3) and 3 Nc3} e6 7. e3 {LiveBook: 4 Games} Bd6 (7... Nd7 8. Bd3 f5 9. h3 h5 10. h4 Nf6 11. Nge2 Bd6 {0-1 (32) Mamedyarov,S (2808)-Aronian,L (2764) Paris 2018}) 8. Bd3 f5 9. Nf3 Nc6 {Predecessor:} 10. O-O $146 Rg8 11. g3 Bd7 {1-0 (48) Westerberg,J (2469)-Jogstad,M (2291) Stockholm 2017} 1/2-1/2

[Event "Elitserien Allsvenskan 2018-19"]
[Site "Sweden"]
[Date "2018.11.09"]
[Round "1"]
[White "Mauritsson, Sebastian"]
[Black "Kassani, Sam"]
[Result "1/2-1/2"]
[WhiteElo "2315"]
[BlackElo "2213"]
[Annotator "TA"]
[PlyCount "90"]
[EventDate "2018.11.09"]
[EventType "team-tourn"]
[EventCountry "SWE"]
[SourceTitle "playchess.com"]
[Source "ChessBase"]
[SourceQuality "1"]

{[%evp 22,90,35,43,69,66,54,49,108,100,116,95,126,72,60,67,76,58,83,-11,-22,-22,0,0,6,-2,0,-29,-29,-72,-74,-65,-72,-71,-53,-111,-103,-208,-78,-80,-72,-83,-64,-121,-82,-93,-91,-93,-88,-93,-86,-94,-88,-86,-90,-80,-42,-42,-35,-92,0,-16,0,-54,0,0,0,0,0,0,0]} 1. e4 e5 2. Nf3 Nc6 3. Bb5 a6 4. Ba4 Nf6 5. O-O b5 6. Bb3 Bc5 7. a4 Rb8 8. c3 d6 9. d4 Bb6 10. a5 {C78: Ruy Lopez: Archangelsk and Möller Defences} Ba7 11. h3 h6 12. Be3 {LiveBook: 6 Games. White is slightly better.} exd4 13. cxd4 O-O 14. Nc3 {[%cal Bb1c3,Bc3e2,Be2g3][%mdl 32]} b4 (14... Ne7 $14) 15. Ne2 $1 $16 Ne7 $146 ({Predecessor:} 15... d5 16. e5 Ne4 17. Nd2 Nxd2 18. Qxd2 {½-½ (49) Smirin,I (2639)-Lie,E (2421) Heraklio 2007}) 16. Ng3 d5 17. exd5 (17. e5 $142 Ne4 18. Qd3) 17... Nfxd5 18. Ne5 Be6 19. Qd3 {Bc2 is the strong threat.} Rb5 {[#]} 20. Bc4 (20. Bc2 $1 $16 {[%csl Gc2][%cal Rd3h7]} Nf6 21. Rfc1) 20... Nxe3 $11 21. fxe3 Bxc4 (21... Rxe5 {feels hotter.} 22. dxe5 Qxd3 23. Bxd3 Bxe3+ 24. Kh1 Bd4) 22. Qxc4 Qd5 $1 23. Qxd5 (23. Rac1 {with more complications.} Qxc4 24. Nxc4 f5 25. Nd2 c5 26. Nb3) 23... Rxd5 24. Nd3 c5 25. Nxc5 Bxc5 26. dxc5 Rxc5 27. Rf4 Rb8 28. Ra4 (28. Raf1 $15) 28... Nc6 $17 29. Ne4 (29. Nf5 $17) 29... Rxa5 (29... Rc2 $19 30. b3 Re8) 30. Rxa5 Nxa5 $19 {[%mdl 4096] Endgame KRN-KRN} 31. Nc5 {[#]} Rb6 $1 32. Kf2 ({White should try} 32. Re4 $15) 32... Nc6 33. Ke2 Ne5 34. Rd4 f6 35. b3 Rc6 36. Rd5 Kf7 37. Kd2 Ke7 38. Ne4 Rc7 39. Ra5 $1 Rd7+ 40. Kc2 (40. Ke2 $15) 40... Rc7+ (40... Nd3 $17 {Hoping for ...Ne1+.} 41. Ra1 f5) 41. Kd2 $11 Rd7+ 42. Ke2 (42. Kc2 $11) 42... Nd3 (42... Ra7 $1 $15) 43. Rxa6 {The position is equal.} Nc1+ 44. Kf3 Nxb3 45. Rb6 $1 Nd2+ {Precision: White = 47%, Black = 52%.} 1/2-1/2

[Event "Elitserien Allsvenskan 2018-19"]
[Site "Sweden"]
[Date "2018.11.09"]
[Round "1"]
[White "Pantzar, Milton"]
[Black "Grandell, Anders"]
[Result "*"]
[WhiteElo "2314"]
[BlackElo "2291"]
[Annotator "TA"]
[PlyCount "26"]
[EventDate "2018.11.09"]
[EventType "team-tourn"]
[EventCountry "SWE"]
[SourceTitle "playchess.com"]
[Source "ChessBase"]
[SourceQuality "1"]

{[%evp 19,21,0,3,-6]} 1. d4 d5 2. Bf4 c6 3. c3 Bf5 4. e3 e6 5. Nf3 Nd7 6. Nbd2 Ngf6 7. Be2 h6 8. h3 Be7 9. Qb3 {D02: Damenbauernspiele} Qb6 10. O-O O-O {LiveBook: 22 Partien} (10... Ne4 11. Nxe4 Bxe4 12. Nd2 Bh7 {1-0 (36) Sedlak,N (2608)-Tadic,B (2478) Valjevo 2018}) 11. Rfe1 {Vorgänger:} Rfc8 $146 12. a4 c5 13. Qa2 c4 {0-1 (34) Petersson,G (2158)-Wallner,J (2361) Sibenik 2014} *

[Event "Elitserien Allsvenskan 2018-19"]
[Site "Sweden"]
[Date "2018.11.09"]
[Round "1"]
[White "Gajic, Mladen"]
[Black "Lindgren, Mats"]
[Result "*"]
[WhiteElo "2306"]
[BlackElo "2153"]
[Annotator "TA"]
[PlyCount "31"]
[EventDate "2018.11.09"]
[EventType "team-tourn"]
[EventCountry "SWE"]
[SourceTitle "playchess.com"]
[Source "ChessBase"]
[SourceQuality "1"]

{[%evp 8,8,42]} 1. d4 Nf6 2. Nf3 g6 3. Nc3 d5 4. Bf4 c6 {Predecessor:} 5. h3 $146 Bg7 6. e3 O-O 7. Be2 Nbd7 8. O-O a6 9. a4 c5 10. a5 Re8 11. Re1 e6 12. Bf1 b5 13. axb6 Qxb6 14. Na4 Qc6 15. dxc5 e5 16. Bh2 {1-0 (29) Tregubov,P (2585)-Kozul,Z (2613) Doha 2016} *